| 000 | 00713nam a2200181 i 4500 | ||
|---|---|---|---|
| 001 | 182087 | ||
| 003 | ES-MaACL | ||
| 005 | 20240224062545.0 | ||
| 008 | 130603s1943 sp |||| | spa d | ||
| 100 | 1 |
_aCervantes Saavedra, Miguel de, _d1547-1616 _9226514 |
|
| 245 | 1 | 0 |
_aNovelas ejemplares. _nTomo II, _pRinconete y Cortadillo - La española inglesa - El licenciado vidriera / _cM. de Cervantes. |
| 260 |
_aMadrid : _bEspasa-Calpe, _c1943. |
||
| 300 |
_a159 p. ; _c17 cm. |
||
| 490 | 1 |
_aColección universal ; _v94-95 |
|
| 830 | 0 |
_aColección universal ; _v94-95 _9181688 |
|
| 852 |
_aES-MaACL _j2131-F-11 _z.- Donat. de los herederos de la biblioteca de Mª del Pilar Costa Palacín |
||
| 999 |
_c182087 _d182087 |
||